Illegal migration <the> policy of the qutlook and the structure of the real facts

Salvato in:
Dettagli Bibliografici
Autore principale: Bustamante, Jorge
Altri autori: Martinéz, Geronimo
Natura: Libro
Lingua:inglese
Pubblicazione: México Colegio Nacional de Economistas 1980
Tags: Aggiungi Tag
Nessun Tag, puoi essere il primo ad aggiungerne!!

MARC

LEADER 00000nam a2200000 4500
001 c140090
005 20041019155317.8
041 0 |a eng 
044 |a MX 
245 1 0 |a Illegal migration  |b <the> policy of the qutlook and the structure of the real facts  |c Jorge Bustamante, Geronimo Martinéz 
264 1 |a México  |b Colegio Nacional de Economistas  |c 1980 
300 |a 42 s. 
100 1 |a Bustamante, Jorge 
700 1 |a Martinéz, Geronimo